00498nam a2200193 a 4500001001300000003000900013005001700022008004100039020002500080082001300105100001900118245002100137260003500158300000900193500003500202505001900237650002900256700001900285nice12345678IN_TiNIC20260116013142.0050524s1974 lona grp 000 0 eng  a0860129 c501.200a232bKAS aKasper, Walter aJesus the Christ aLondonbBurns and Oates c1974 a289p aincludes index and biblioraphy2 aNotes, Indices aJesus Christ-Messiahship1 aKasper, Walter